00000000nam 2200000za 4500
0019.816716
003CaOODSP
00520250216143201
007cr |||||||||||
008160502s2016    onc     o    f000 0 pan d
040 |aCaOODSP|beng
043 |an-cn---
0861 |aCS9-2/3-2016Pan-PDF|zCS9-2/3-2016Pu-PDF
24500|a[2A - 2016 census questions and reasons why the questions are asked] |h[electronic resource].
250 |a[Punjabi edition].
260 |a[Ottawa] : |bStatistics Canada, |c[2016].
300 |a[19] p.
500 |aEnglish title supplied by the publisher.
500 |aIssued also in English under title: 2A - 2016 census questions and reasons why the questions are asked.
546 |aText in Punjabi.
69207|2gccst|aCensus
7102 |aStatistics Canada.
77508|t2A - 2016 census questions and reasons why the questions are asked |w(CaOODSP)9.815872
792 |t[2A - questions du recensement de 2016 et les raisons pour lesquelles les questions sont posées] |efre|w(CaOODSP)9.816717
85640|qPDF|s466 KB|uhttps://publications.gc.ca/collections/collection_2016/statcan/CS9-2-3-2016-pan.pdf